[Event "Uppsala Young Champions op"]
[Site "Uppsala"]
[Date "2015.10.31"]
[Round "5"]
[White "Berglind, Axel"]
[Black "Bit Narva, David"]
[Result "1/2-1/2"]
[WhiteElo "2078"]
[BlackElo "2036"]
[PlyCount "99"]
[EventDate "2015.10.29"]
[EventType "swiss"]
[EventRounds "7"]
[EventCountry "SWE"]
[SourceTitle "CBM 169 Extra"]
[Source "ChessBase"]
[SourceDate "2015.12.18"]
[SourceVersion "1"]
[SourceVersionDate "2015.12.18"]
[SourceQuality "1"]

1. c4 Nf6 2. Nf3 g6 3. g3 Bg7 4. Bg2 0-0 5. 0-0 d6 6. Nc3 e5 7. d3 Re8 8. Rb1 c6 9. b4 d5 10. cxd5 cxd5 11. Bg5 h6 12. Bxf6 Bxf6 13. e4 dxe4 14. dxe4 Be6 15. Qe2 Nc6 16. Rfd1 Qe7 17. Nd5 Bxd5 18. Rxd5 Rad8 19. b5 Rxd5 20. exd5 Nd4 21. Nxd4 exd4 22. Qxe7 Rxe7 23. Bf1 Rd7 24. Bc4 Rc7 25. Bb3 Rc5 26. d6 Kf8 27. Re1 Rc8 28. Bd5 Rd8 29. Bxb7 Rxd6 30. Rd1 d3 31. f4 Bc3 32. Kf2 Ke7 33. Ke3 d2 34. Bf3 Bd4+ 35. Ke2 Bc3 36. Ke3 Bd4+ 37. Ke2 Bc3 38. Ke3 Kd7 39. Rb1 Kc7 40. Rb3 Ba5 41. Rd3 Rxd3+ 42. Kxd3 Kd6 43. Kc4 f5 44. h3 Bb6 45. Kd3 Bf2 46. g4 Bg3 47. Kxd2 fxg4 48. Bxg4 Bxf4+ 49. Kd3 Kc5 50. Bd7 1/2-1/2